000 00728nam a2200205 a 4500
001 000023542
005 20200930022308.0
008 101210s2002 mx a 000 | spa d
020 _a9701880641
040 _aDO-SdBNP
_bspa
_cBNPHU
082 _a581.63
_bP944c
100 1 _aPérez Gutiérrez, Rosa Martha
_948535
245 1 0 _aCompuestos aislados de plantas con actividad antiinflamatoria, antiviral e hipoglucemiante /
_cRosa Martha Pérez Gutiérrez.
260 _aMéxico :
_bInstituto Politécnico Nacional,
_c2002.
300 _a192 p. :
_bil. ;
_c23 cm.
500 _aIncluye índices
504 _aBibliografía : p. 67- 77-131-138-165-171
650 4 _aPlantas útiles
_948536
650 4 _aPlantas medicinales
_921554
999 _c23038
_d23038